000 002790000a22001090004500
100 1 _aGraef, Nyomi
245 1 0 _aPreparación de materiales para la traducción
300 _aVol.0, núm.62 (Mayo, 2005), Página 16
700 1 _aJames, Ross
773 0 _tPaso a paso
942 _cANA
999 _c60533
_d60533